000 01383cam a22003134a 4500
001 12864522
005 20160924142903.0
008 020722s2002 mau b 001 0 eng
010 _a 2002011667
020 _a1-57851-876-8 (alk. paper)
040 _aDLC
_cDLC
_dDLC
042 _apcc
050 0 0 _aHG4026
_b.L68 2002
082 0 0 _aDC 658.15
_22002
_bL96
100 1 _aLuecke, Richard.
245 1 0 _aHarvard business essentials :
_bfinance for managers/
_cRichard Luecke.
246 3 0 _aFinance for managers
260 _aBoston, Mass. :
_bHarvard Business School Press,
_cc2002.
300 _axii, 210 pages ;
_c23 cm.
440 4 _aThe Harvard business essentials series
504 _aIncludes bibliographical references (p. [200]-202) and index.
505 0 _aFinancial statements -- Finding meaning in financial statements -- Important accounting concepts -- Taxes -- Financing operations and growth -- Money and capital markets -- Budgeting -- Practical tools for management decisions -- The time value of money -- Valuation concepts.
650 0 _aCorporations
_xFinance.
650 0 _aBusiness enterprises
_xFinance.
365 _b1,825.00
_cPhp
906 _a7
_bcbc
_corignew
_d1
_eecip
_f20
_gy-gencatlg
942 _2ddc
_cDC
999 _c4812
_d4812